Name the members of Mamamoo in age order - Statistics

General Stats
  • This quiz has been taken 70 times
  • The average score is 5 of 8
Answer Stats
Answer % Correct
Solar
98%
Hwasa
86%
Moonbyul
86%
Wheein
82%
Moon Byul Yi
50%
Jung Whee In
45%
Yong Sun
41%
Ahn Hye Jin
30%
No matching quizzes found
Score Distribution
Percent of People with Each Score
Percentile by Number Answered
Your Score History
You have not taken this quiz